| 000 | 00619nam a22001577a 4500 | ||
|---|---|---|---|
| 003 | OSt | ||
| 005 | 20151208135632.0 | ||
| 008 | 151204b xxu||||| |||| 00| 0 eng d | ||
| 040 | _cRUA | ||
| 082 | _aFIS TAU 2003 B187 Or.1 | ||
| 100 |
_94342 _aTAUCH, CHENDA. |
||
| 245 | _aResearch on the use of leucaena as fish feed for mrigal, ការស្រាវជ្រាវស្ដីអំពីការប្រើប្រាស់ស្លឹកកន្ថំថេតជាចំណីត្រីម្រីហ្គាស់ | ||
| 260 |
_aPhnom Penh _bRUA _c2003 |
||
| 300 |
_a40p. _bill. _c29cm. |
||
| 942 |
_2ddc _cFIS |
||
| 999 |
_c4040 _d4040 |
||